Type the Lyrics to the Beatles Song (no clues) - #2 - Statistics

General Stats
  • This quiz has been taken 1,411 times
    1,393 since last reset
  • The average score is 32 of 65
Answer Stats
Answer % Correct
I
98%
You
90%
Love
89%
And
77%
My
76%
In
71%
All
69%
There
68%
Are
67%
Life
66%
No
64%
For
62%
Have
61%
Is
61%
Some
61%
Can
58%
Remember
57%
Places
56%
Of
54%
I'll
53%
When
53%
Not
52%
Them
52%
These
51%
Changed
50%
Their
50%
Though
50%
Gone
49%
Better
48%
More
48%
Remain
48%
With
48%
Friends
47%
That
47%
One
46%
But
44%
I've
44%
Dead
43%
Forever
43%
Know
43%
Living
43%
Lovers
43%
Think
43%
As
42%
Loved
42%
Moments
42%
People
41%
Recall
41%
Still
41%
Lose
40%
Never
39%
Meaning
38%
Compares
36%
Things
36%
Had
35%
Something
35%
Memories
34%
About
33%
New
33%
Affection
32%
Those
32%
Before
31%
Stop
30%
Went
29%
Often
27%
No matching quizzes found
Score Distribution
Percent of People with Each Score
Percentile by Number Answered
Your Score History
You have not taken this quiz since the last reset